000 01084nam a2200289 i 4500
001 98727
003 ES-MaACL
005 20250624062917.0
007 t|
008 051021s1966 sp ||||1| spa d
080 _a75 Galí, Jordi (083.82)
100 1 _aGalí, Jordi (
_d1944-)
_953392
245 1 0 _aJordi Galí
_b: [exposición, Sala del Prado del Ateneo de Madrid, marzo de 1966] /
_c[Texto: Carlos Areán].
260 _a[Madrid] :
_bPublicaciones Españolas,
_c[1966]
300 _a[16] p. :
_bil. ;
_c28 cm.
490 1 _aCuadernos de arte. Colección ordinaria ;
_v215
600 1 4 _aGalí, Jordi (
_d1944)-
_vExposiciones.
_953393
610 2 7 _aAteneo de Madrid-
_vExposiciones-
_y1960-1969.
_91920
655 7 _2tgfbne
_9193628
_aCatálogos de exposiciones
700 1 _aAreán, Carlos,
_d1921-1996
_922562
710 2 _aAteneo de Madrid.
_bSala del Prado.
_91965
830 0 _aCuadernos de arte. Colección ordinaria
_v215
_9180064
852 _aES-MaACL
_j2196-F-16
_bR.136206
852 _aES-MaACL
_jG-13304(3)
942 _2udc
999 _c98727
_d98727